[Event "BL 2017-18"]
[Site "Germany"]
[Date "2018.04.30"]
[Round "14.2"]
[White "Commercon, Simon"]
[Black "Naiditsch, Arkadij"]
[Result "0-1"]
[WhiteElo "2263"]
[BlackElo "2701"]
[Annotator "TA"]
[PlyCount "90"]
[EventDate "2018.05.24"]
[EventType "team-tourn"]
[EventCountry "GER"]
[SourceTitle "playchess.com"]
[Source "ChessBase"]
[SourceQuality "1"]
[WhiteTeam "Speyer"]
[BlackTeam "Baden-Baden"]

{[%evp 11,90,0,5,-53,-68,-106,-103,-86,-104,-97,-83,-104,-41,-39,0,0,0,0,0,-144,-123,-123,-122,-123,-140,-122,-131,-116,-115,-137,-129,-134,-131,-155,-135,-139,-138,-170,-158,-175,-144,-353,-339,-322,-263,-264,-244,-268,-269,-247,-252,-537,-537,-537,-537,-533,-531,-510,-507,-733,-719,-818,-812,-791,-756,-907,-878,-1340,-1229,-1437,-975,-1509,-1433,-29985,-29986,-29986,-29987,-29991,-29992,-29992,-29993]} 1. c4 Nf6 2. Nc3 e5 3. Nf3 Nc6 4. e3 Bb4 5. Qc2 O-O 6. Be2 {A28: English Opening: Four Knights Variation} (6. Nd5 Be7 7. a3 d6 8. Be2 Be6 9. Ng5 Bxd5 10. cxd5 Nb8 11. Qb3 Nbd7 12. d3 h6 13. Nf3 c6 14. dxc6 bxc6 {½-½ (39) Cheparinov,I (2710)-Kryvoruchko,Y (2689) Riadh 2017}) 6... Re8 {LiveBook: 15 Games} 7. b3 $146 (7. O-O $11) ({Predecessor:} 7. O-O e4 8. Ne1 Bxc3 9. bxc3 d5 10. cxd5 Qxd5 11. c4 Qd6 12. c5 Qd5 13. Bb2 Bf5 {½-½ (57) Harutyunian,T (2487)-Ter Sahakyan,S (2563) Yerevan 2018}) 7... e4 $15 8. Ng5 {[%cal Rg5e4] Black is slightly better.} d5 9. cxd5 Bxc3 $1 ({Stronger than} 9... Nxd5 10. Nxf7 $1 {[%mdl 512]} Qf6 11. Nxd5 $16) 10. dxc3 Qxd5 11. h4 {Hoping for Bc4.} Ne5 (11... Qc5 $17 12. b4 Nxb4 $1 {[%mdl 512]}) 12. c4 $1 {[%cal Rc4d5]} Qd6 13. Nxe4 Nxe4 14. Qxe4 Bg4 15. Qd5 (15. Ba3 $11 Qxa3 16. Bxg4) 15... Qf6 $36 {[%mdl 2048] White is under strong pressure.} 16. Bb2 {Threatens to win with Bxg4.} Rad8 17. Bxe5 Rxe5 18. Qxd8+ Qxd8 19. Bxg4 f5 {[%cal Bf7f5,Bf5f4][%mdl 32]} 20. Rd1 Qe7 {[%mdl 1024] Black has strong compensation.} 21. Bf3 {[#]} f4 $1 22. e4 h5 23. Rh3 c6 {[%cal Bc7c6,Bc6b5][%mdl 32]} 24. Ke2 a5 {[%cal Ba7a5,Ba5a4][%mdl 32]} 25. Rd2 {[#]} a4 $1 {[%mdl 512]} 26. Kd3 $2 (26. Kf1 $17) (26. bxa4 Qb4) 26... Qa3 $19 27. Bd1 b5 28. cxb5 cxb5 29. Ke2 Rxe4+ 30. Kf1 {[#]} Qe7 $1 {[%csl Ge7][%cal Re4e1]} 31. Re2 $2 (31. Be2 {was the only chance.}) 31... a3 32. Rd3 Rxe2 33. Bxe2 Qxh4 {[%cal Rh4h1][%mdl 4096] Endgame KQ-KRB} 34. Bf3 b4 35. Rd2 g5 {[%cal Bg7g5,Bg5g4][%mdl 32]} 36. Ke2 g4 37. Bd5+ Kg7 38. Rd4 Qe7+ 39. Kd3 Qe1 40. Rxf4 Qb1+ 41. Kd4 Qxa2 {Strongly threatening ...Qd2+.} 42. Ke5 Qe2+ {Black mates.} 43. Kd6 Qa6+ 44. Ke5 a2 45. Rf7+ Kg6 {Precision: White = 38%, Black = 82%.} 0-1

[Event "BL 2017-18"]
[Site "Germany"]
[Date "2018.04.30"]
[Round "14.3"]
[White "Movsesian, Sergei"]
[Black "Kraemer, Enrico"]
[Result "1-0"]
[WhiteElo "2625"]
[BlackElo "2191"]
[Annotator "TA"]
[PlyCount "43"]
[EventDate "2018.05.24"]
[EventType "team-tourn"]
[EventCountry "GER"]
[SourceTitle "playchess.com"]
[Source "ChessBase"]
[SourceQuality "1"]
[WhiteTeam "Baden-Baden"]
[BlackTeam "Speyer"]

{[%evp 9,43,0,34,35,42,38,144,137,158,165,172,129,131,141,184,175,236,237,318,331,325,304,365,341,387,384,375,347,349,348,389,436,471,483,513,469]} 1. e4 c5 2. Nc3 Nc6 3. Bb5 Nd4 4. Bc4 e6 5. Nge2 g6 (5... Ne7 6. Nxd4 cxd4 7. Ne2 Nc6 8. O-O a6 9. d3 d5 10. exd5 exd5 11. Bb3 Bd6 12. Nf4 Bxf4 13. Bxf4 O-O 14. Qf3 Be6 15. Rfe1 {1-0 (58) Cornette,M (2611)-Lenic,L (2662) chess.com INT 2018}) 6. Nxd4 {B23: Closed Sicilian: Lines without g3} cxd4 7. Nb5 e5 $146 (7... Bg7 $14) ({Predecessor:} 7... Qb6 8. c3 dxc3 9. dxc3 a6 10. Nd4 Bg7 11. O-O Ne7 12. Be3 Qc7 13. Bb3 {1-0 (45) Kovalevskaya,E (2475)-Hunt,H (2454) Halle 2000}) 8. Qf3 $16 {[%csl Gc4][%cal Rf3f7] White is clearly better.} f6 9. Qb3 Nh6 10. c3 a6 11. Na3 Bxa3 12. bxa3 Qe7 (12... d3 $142 13. O-O (13. Bxd3 Nf7 $18) 13... b5) 13. cxd4 $18 Nf7 14. dxe5 fxe5 15. O-O d6 16. Bd5 g5 {[#]} 17. d4 $1 {[%mdl 512]} O-O (17... exd4 18. Bb2) 18. dxe5 dxe5 19. Bb2 {[%cal Bc1b2,Bb2e5,Be5f4][%mdl 32]} Re8 20. f4 gxf4 {[#] If only Black now had time for ...Be6....} 21. Bxe5 $1 {[%mdl 512]} Be6 {aiming for ...Bxd5.} (21... Qxe5 22. Bxf7+) 22. Bxf4 {Precision: White = 100%, Black = 31%.} 1-0

[Event "BL 2017-18"]
[Site "Germany"]
[Date "2018.04.30"]
[Round "14.3"]
[White "Heinemann, Thies"]
[Black "Krause, Benedict"]
[Result "1-0"]
[WhiteElo "2508"]
[BlackElo "2458"]
[Annotator "TA"]
[PlyCount "91"]
[EventDate "2018.05.24"]
[EventType "team-tourn"]
[EventCountry "GER"]
[SourceTitle "playchess.com"]
[Source "ChessBase"]
[SourceQuality "1"]
[WhiteTeam "Hamburg SK"]
[BlackTeam "Norderstedt"]

{[%evp 17,91,-8,16,13,32,17,45,-7,18,7,29,-16,0,-3,-3,-8,0,-11,-2,-33,0,0,15,15,14,21,33,3,3,12,12,12,10,3,39,38,39,32,42,29,36,29,33,30,49,50,41,57,75,73,170,185,201,201,201,201,202,200,210,133,345,345,329,288,29957,6613,29975,29976,29976,29977,29980,29977,29975,29976,29983,29973]} 1. e4 c5 2. Nf3 e6 3. d3 Nc6 4. g3 Nf6 5. Bg2 Be7 6. O-O d6 7. c3 O-O 8. Nbd2 {[%cal Bb1d2,Bd2f3,Bf3e5][%mdl 32]} Qc7 9. Re1 Bd7 10. a3 {B30: Sicilian: 2...Nc6 3 Bb5, lines without ...g6} Ne5 11. Qe2 Rac8 12. d4 $146 (12. Nxe5 $14 dxe5 13. a4) ({Predecessor:} 12. Nxe5 dxe5 13. a4 a6 14. a5 Rfd8 15. Nb3 c4 16. dxc4 Qxc4 17. Qxc4 Rxc4 {1-0 (64) Sadler,M (2659)-Roberson,P (2408) England 2015}) 12... Nxf3+ 13. Nxf3 cxd4 14. cxd4 d5 15. exd5 Nxd5 16. Ne5 {[#] Strongly threatening Bxd5.} Bf6 17. Be4 Bc6 18. Qd3 g6 19. Bh6 Bg7 20. Bxg7 Kxg7 21. Rac1 Qd6 22. Qf3 (22. Qb3 {feels hotter.} a6 23. Nxc6 Rxc6 24. Bxd5 Rb6 25. Qf3) 22... Ne7 23. Nxc6 Nxc6 24. Bxc6 Rxc6 25. Rxc6 bxc6 $11 {[%mdl 4096] Endgame KQR-KQR} (25... Qxc6 {keeps more tension.} 26. Qxc6 bxc6 27. b4 Rd8 28. Rc1 a5) 26. Qc3 {Hoping for d5+.} Kg8 27. Re5 Rd8 28. Ra5 Qxd4 29. Qxd4 Rxd4 30. Rxa7 {KR-KR} c5 31. Kf1 Rd2 32. Rb7 c4 33. a4 {[%cal Ba3a4,Ba4a5,Ba5a6,Ba6a7][%mdl 32]} Rc2 (33... c3 $16 {might work better.} 34. bxc3 Ra2) 34. a5 $18 c3 {[#]} 35. bxc3 $1 {aiming for a6.} Rxc3 36. a6 Ra3 37. a7 Kg7 38. f4 {[%cal Bf2f4,Bf4g5][%mdl 32]} g5 $2 (38... Kf6 $16 {was necessary.} 39. Ke2 h5) 39. fxg5 Ra2 40. h4 {[%cal Bh2h4,Bh4h5][%mdl 32] h5 is the strong threat.} e5 $2 (40... h6 $18 41. gxh6+ Kxh6 42. Rxf7 Kg6) 41. h5 e4 42. g4 {White mates.} Ra1+ 43. Kf2 Ra3 44. Ke2 Ra2+ 45. Ke3 Ra4 46. Rc7 {Precision: White = 67%, Black = 27%.} 1-0

[Event "BL 2017-18"]
[Site "Germany"]
[Date "2018.04.30"]
[Round "14.3"]
[White "Bromberger, Stefan"]
[Black "Bischoff, Klaus"]
[Result "1/2-1/2"]
[WhiteElo "2482"]
[BlackElo "2511"]
[Annotator "TA"]
[PlyCount "40"]
[EventDate "2018.05.24"]
[EventType "team-tourn"]
[EventCountry "GER"]
[SourceTitle "playchess.com"]
[Source "ChessBase"]
[SourceQuality "1"]
[WhiteTeam "Zugzwang Muenchen"]
[BlackTeam "Bayern Muenchen"]

{[%evp 30,40,39,35,47,33,22,23,22,22,20,14,31]} 1. d4 Nf6 2. c4 e6 3. g3 Bb4+ 4. Bd2 Be7 5. Bg2 d5 6. Nf3 c6 7. Qc2 Nbd7 8. O-O O-O 9. Bf4 Nh5 10. Bc1 Nhf6 11. Nbd2 b6 12. e4 Bb7 13. e5 Ne8 14. cxd5 cxd5 15. Re1 {E09: Closed Catalan: Main Line: 7 Qc2 c6 8 Nbd2} Qc7 (15... Rc8 16. Qd1 Qc7 17. Nb1 b5 18. Bf1 b4 19. Bd3 h6 20. Bf4 Qb6 21. Nbd2 Ba6 22. Bc2 f5 23. exf6 Rxf6 {1-0 (32) Gelfand,B (2729)-Stupak,K (2573) Tbilisi 2017}) 16. Qb3 {LiveBook: 12 Games} Nb8 $146 ({Predecessor:} 16... Rc8 17. Bf1 Qc2 18. Qe3 Qg6 19. Bd3 Qh5 20. Kg2 Nc7 21. h3 f5 22. Qe2 Nb8 23. Nf1 Ba6 24. Bd2 {½-½ (24) Cernousek,L (2456)-Jirovsky,M (2455) Prague 2017}) 17. Nf1 Nc6 18. Ne3 a5 {[%cal Ba7a5,Ba5a4][%mdl 32]} 19. Bd2 a4 20. Qd1 Qd7 1/2-1/2

[Event "BL 2017-18"]
[Site "Germany"]
[Date "2018.04.30"]
[Round "14.4"]
[White "Gabriel, Christian"]
[Black "Hertneck, Gerald"]
[Result "0-1"]
[WhiteElo "2509"]
[BlackElo "2493"]
[Annotator "TA"]
[PlyCount "90"]
[EventDate "2018.05.24"]
[EventType "team-tourn"]
[EventCountry "GER"]
[SourceTitle "playchess.com"]
[Source "ChessBase"]
[SourceQuality "1"]
[WhiteTeam "Bayern Muenchen"]
[BlackTeam "Zugzwang Muenchen"]

{[%evp 14,90,42,25,77,14,12,8,4,15,8,9,11,10,14,14,15,0,0,0,0,0,0,0,4,13,17,0,2,2,7,0,0,0,0,0,0,0,0,0,0,0,-5,-4,0,0,0,0,0,-129,-158,-127,-20,-16,-37,-35,-18,-77,-27,-88,-72,-84,-67,-69,-42,-60,-51,-56,-53,-112,-112,-112,-112,-126,-111,-214,-227,-249,-231]} 1. d4 d5 2. c4 c6 3. Nc3 Nf6 4. e3 g6 5. Nf3 Bg7 6. Be2 O-O 7. O-O Ne4 8. Qb3 {[%cal Rc4d5] LiveBook: 37 Games} (8. Qc2 {looks sharper.} Bf5 9. Bd3 Na6 10. a3 Nxc3 11. Bxf5 gxf5 12. bxc3 e6 13. Qb3) 8... Qb6 $146 {D94: Grünfeld: 4 Nf3 Bg7 5 e3} (8... e6 $11) ({Predecessor:} 8... dxc4 9. Bxc4 Nd6 10. Be2 Nd7 11. e4 c5 12. Rd1 cxd4 13. Nxd4 Nc5 14. Qc2 Bd7 15. Be3 Rc8 16. Qb1 Qe8 17. Nb3 Nxb3 18. axb3 a6 19. Ra5 Bc6 20. f3 Nb5 21. Nxb5 axb5 22. b4 Rd8 23. Ra3 {½-½ (23) Bacrot,E (2701)-Paehtz,E (2474) Karlsruhe 2016}) 9. Qxb6 (9. cxd5 $16 Nxc3 10. bxc3) 9... axb6 $11 10. cxd5 Nxc3 {The position is equal.} 11. bxc3 cxd5 12. c4 dxc4 13. Bxc4 Bf5 14. Bd2 Nc6 15. Nh4 Be6 16. Bxe6 fxe6 17. Bc3 e5 {[%cal Re5d4]} 18. d5 Na5 19. Nf3 Nc4 20. Rfb1 Ra4 21. Rb4 Rfa8 22. Rab1 e4 23. Bxg7 Kxg7 24. Ng5 Nd6 25. Rxb6 Rxa2 26. h4 Ra1 27. Rxa1 Rxa1+ {[%mdl 4096] Endgame KRN-KRN} 28. Kh2 Ra5 29. Rb4 b5 30. Ne6+ Kf6 31. Nc5 (31. Nd4 $11) 31... Ke5 $17 32. Rd4 Ra7 (32... Nf5 $17 33. Rb4 Kxd5 34. Nxe4 Nd6 35. Rd4+ Kc6) 33. g4 $1 $11 Rc7 34. f4+ exf3 35. Nd3+ Kf6 36. Rf4+ (36. Kg3 $11) 36... Kg7 $17 37. Rxf3 Rc2+ 38. Kh3 Kg8 39. Nb4 Rc4 40. Nc6 Re4 41. Nd4 (41. Rf1 $15) 41... b4 {[%cal Bb5b4,Bb4b3][%mdl 32]} 42. Ne6 {[%csl Ge6][%cal Rf3f8] [#]} Nf7 $1 43. Nc5 Rc4 44. Nd3 (44. Ne6 $17) 44... Nd6 $19 45. Rf4 b3 {Precision: White = 50%, Black = 80%.} 0-1

[Event "BL 2017-18"]
[Site "Germany"]
[Date "2018.04.30"]
[Round "14.4"]
[White "Parvanyan, Ashot"]
[Black "Rogozenco, Dorian"]
[Result "1/2-1/2"]
[WhiteElo "2383"]
[BlackElo "2495"]
[Annotator "TA"]
[PlyCount "66"]
[EventDate "2018.05.24"]
[EventType "team-tourn"]
[EventCountry "GER"]
[SourceTitle "playchess.com"]
[Source "ChessBase"]
[SourceQuality "1"]
[WhiteTeam "Norderstedt"]
[BlackTeam "Hamburg SK"]

{[%evp 10,66,11,13,11,4,5,0,4,0,0,0,0,0,0,0,0,0,0,-12,0,-8,0,-34,-31,-25,0,0,0,0,6,0,0,0,0,0,0,0,0,0,0,0,0,0,0,-7,0,-16,-17,-37,-37,-37,-37,-37,-37,-37,-37,-37,0]} 1. Nf3 d5 2. g3 c6 3. Bg2 Nf6 4. O-O Bg4 5. d4 e6 6. Nbd2 h6 {D02: 1 d4 d5 2 Nf3 sidelines, including 2...Nf6 3 g3 and 2...Nf6 3 Bf4} (6... Nbd7 7. Re1 Be7 8. e4 O-O 9. e5 Ne8 10. c3 c5 11. dxc5 Nxc5 12. Nb3 Nc7 13. Be3 b6 14. Nbd4 Qd7 15. b4 Ne4 16. Qd3 {½-½ (75) Gabuzyan,H (2571)-Dreev,A (2653) chess.com INT 2018}) 7. Re1 Bf5 8. c4 Be7 {The position is equal.} 9. b3 O-O 10. Bb2 Nbd7 11. Ne5 Nxe5 12. dxe5 Ne4 $146 ({Predecessor:} 12... Nd7 13. e4 dxe4 14. Nxe4 {½-½ (51) Fojtik,T (2051)-Burdalev,K (2347) Brno 2016}) 13. Nxe4 dxe4 14. Qd4 Qb6 15. Qxb6 $1 axb6 16. Bd4 Bb4 17. Red1 c5 18. Bb2 Rfd8 {And now ...Rxd1+ would win.} 19. Rd6 Kf8 20. a3 Ba5 21. Rad1 Ke8 22. e3 (22. h3 {feels hotter.} Bg6 23. g4 Rxd6 24. Rxd6 Rd8 25. Rxd8+ Kxd8 26. e3) 22... Rxd6 23. Rxd6 Rd8 24. Rxd8+ Kxd8 $11 {[%mdl 4096] Endgame KBB-KBB} 25. h3 h5 26. Kf1 Kc7 27. Ke2 Kc6 28. Kd1 b5 29. Bf1 bxc4 {Black is slightly better.} 30. bxc4 Kd7 31. Ba1 g5 32. Bb2 Kc6 33. Ba1 Kd7 {Precision: White = 47%, Black = 77%.} (33... g4 $5 34. h4 $8 Bg6 $11) 1/2-1/2

[Event "BL 2017-18"]
[Site "Germany"]
[Date "2018.04.30"]
[Round "14.4"]
[White "Mager, Denis"]
[Black "Gustafsson, Jan"]
[Result "1/2-1/2"]
[WhiteElo "2268"]
[BlackElo "2643"]
[Annotator "TA"]
[PlyCount "89"]
[EventDate "2018.05.24"]
[EventType "team-tourn"]
[EventCountry "GER"]
[SourceTitle "playchess.com"]
[Source "ChessBase"]
[SourceQuality "1"]
[WhiteTeam "Speyer"]
[BlackTeam "Baden-Baden"]

{[%evp 17,89,3,11,-10,-12,-28,-27,-33,-24,-35,0,0,6,0,0,0,0,-10,14,-25,-14,-37,-6,-28,-18,-47,-47,-47,-47,-52,-47,-49,-50,-54,-18,-12,-7,-14,-8,-16,9,4,5,7,13,4,62,0,51,56,71,66,129,125,130,129,125,100,402,400,410,399,383,390,323,291,276,266,410,420,403,125,125,127]} 1. c4 Nf6 2. Nc3 e6 3. e4 d5 4. e5 d4 5. exf6 dxc3 6. bxc3 Qxf6 7. d4 b6 8. Nf3 Bb7 9. Be2 Bd6 {LiveBook: 7 Games. A18: English Opening: Flohr-Mikenas System (1 c4 Nf6 2 Nc3 e6 3 e4)} (9... Nd7 10. Bg5 Qg6 11. O-O Bd6 12. Qa4 c6 13. Rfe1 O-O 14. Rad1 Rfe8 15. Bd3 Qh5 16. Bh4 b5 17. Qa5 {½-½ (79) Romanov,E (2626)-Levin,E (2544) Krakow 2018}) 10. Qc2 (10. Bg5 {keeps more tension.} Qf5 11. Bd3 Qg4 12. O-O h6 13. Be3) 10... Qg6 $146 ({Predecessor:} 10... h6 11. Be3 Nd7 12. a4 a5 13. Qb3 Rb8 14. Rb1 O-O 15. O-O Be4 16. Rb2 Qg6 17. Rd1 {0-1 (29) Simonet Planas,A-Aloma Vidal,R (2135) Mondariz 2003}) 11. Qxg6 hxg6 {Black has an edge.} 12. h3 Nd7 13. O-O O-O 14. Be3 Nf6 15. Ng5 Rfd8 16. Rfd1 Rac8 17. Rd2 c5 18. Kf1 Be7 19. Rad1 Kf8 20. h4 Rd7 21. g3 cxd4 22. cxd4 Ba6 23. c5 Bxe2+ 24. Kxe2 Nd5 25. Rc1 Nxe3 26. fxe3 bxc5 27. Rdc2 Rdc7 28. Rc4 Bd6 {Threatens to win with ...cxd4.} 29. Ne4 Ke7 30. dxc5 Be5 31. Kf3 Rd8 (31... Rc6 $11) 32. Nd6 (32. Ra4 $1 $14) 32... a6 (32... Rcd7 $11) 33. Rb1 $14 Kf8 34. Ne4 Rd3 ({Better is} 34... Ke7 $14) 35. a4 $16 Ke7 36. Rb6 $1 a5 37. c6 Bd6 $2 {[%mdl 8192]} (37... Rd1 $16) 38. Nc3 $1 $18 Be5 {[#]} 39. Nb5 $1 Rc8 40. Rb7+ Ke8 41. c7 Rd7 42. Ra7 Ke7 (42... Rd1 {might work better.} 43. Rxa5 Kd7) 43. Rxa5 Bxc7 {[#]} 44. Ra7 $2 ({Less strong is} 44. Nxc7 Rdxc7 45. Rxc7+ Rxc7 $14) (44. Ra6 $1 $18 {is the precise move to win.}) 44... Bb8 $16 45. Rxc8 {Precision: White = 58%, Black = 43%.} 1/2-1/2

[Event "BL 2017-18"]
[Site "Germany"]
[Date "2018.04.30"]
[Round "14.5"]
[White "Tomashevsky, Evgeny"]
[Black "Schroeder, Jan-Christian"]
[Result "1/2-1/2"]
[WhiteElo "2714"]
[BlackElo "2555"]
[Annotator "TA"]
[PlyCount "42"]
[EventDate "2018.05.24"]
[EventType "team-tourn"]
[EventCountry "GER"]
[SourceTitle "playchess.com"]
[Source "ChessBase"]
[SourceQuality "1"]
[WhiteTeam "Hockenheim"]
[BlackTeam "SV Hofheim"]

{[%evp 25,42,4,14,0,20,14,16,0,0,0,0,0,0,0,0,0,0,-606,-597]} 1. Nf3 d5 2. d4 Nf6 3. e3 e6 4. Bd3 c5 5. b3 Nc6 6. Bb2 Bd6 7. O-O O-O 8. Nbd2 cxd4 9. exd4 b6 {D05: Colle System with ...e6} 10. a3 Bb7 11. Qe2 Ne7 12. Ne5 Rc8 13. Rfe1 Ng6 {LiveBook: 3 Games} 14. g3 {[#]} Qe7 $146 ({Predecessor:} 14... b5 15. Rac1 a6 16. b4 Bxe5 17. dxe5 {1-0 (61) So,W (2815)-Carlsen,M (2832) chess.com INT 2017}) 15. f3 Rc7 16. Nf1 (16. b4 {keeps more tension.} Rfc8 17. c3 Nh5 18. Qe3 Nf6 19. f4) 16... Rfc8 17. Ne3 Bxe5 18. dxe5 Nd7 {[%cal Bf6d7,Bd7c5,Bc5d3,Bd3e1][%mdl 32]} 19. f4 Nc5 $1 20. Bd4 Nxd3 21. Z0 $2 {[%mdl 8192] [#]} (21. Qxd3 $11 Nf8 22. a4) 21... Nxe1 {[%mdl 32768] An unexpected result.} 1/2-1/2

[Event "BL 2017-18"]
[Site "Germany"]
[Date "2018.04.30"]
[Round "14.5"]
[White "Carlstedt, Jonathan"]
[Black "Meyer, Falko"]
[Result "1-0"]
[WhiteElo "2432"]
[BlackElo "2212"]
[Annotator "TA"]
[PlyCount "43"]
[EventDate "2018.05.24"]
[EventType "team-tourn"]
[EventCountry "GER"]
[SourceTitle "playchess.com"]
[Source "ChessBase"]
[SourceQuality "1"]
[WhiteTeam "Hamburg SK"]
[BlackTeam "Norderstedt"]

{[%evp 9,43,-4,39,20,34,34,32,10,14,6,12,19,16,0,0,0,0,0,0,0,0,0,0,0,28,18,42,12,22,28,292,290,362,350,360,329]} 1. d4 d5 2. Bf4 Nf6 3. e3 c5 4. c3 Nc6 5. Nd2 g6 {LiveBook: 41 Games} (5... Bf5 6. Ngf3 e6 7. Be2 Bd6 8. dxc5 Bxc5 9. Nd4 Bg6 10. Qa4 O-O 11. Nxc6 bxc6 12. Qxc6 Rc8 13. Qa4 Re8 14. O-O e5 {0-1 (57) Le,Q (2737)-Ding,L (2777) Riadh 2017}) 6. Be2 {D00: 1 d4 d5: Unusual lines} cxd4 7. exd4 Bg7 8. h4 {White is slightly better.} h5 9. Ngf3 Ng4 10. O-O $146 ({Predecessor:} 10. Bb5 O-O 11. Qe2 Re8 12. Bxc6 bxc6 {½-½ (43) Huppertz,A (1865)-Stroessner,L (1971) Germany 2010}) 10... O-O 11. g3 Re8 12. Nb3 Qb6 13. a4 a5 14. Bb5 Bf5 15. Nbd2 Rad8 16. Qb3 Bf6 17. Rae1 Kg7 18. Re2 Rg8 19. Ng5 Na7 $2 {[%mdl 8192] [#]} (19... e6 $11) 20. Nxf7 $1 $18 {[%mdl 512]} Nxb5 (20... Kxf7 21. Be8+) 21. Nxd8 Rxd8 22. Rfe1 {Precision: White = 69%, Black = 50%.} ({Don't do} 22. Qxb5 Qxb5 23. axb5 Bd3 $18) ({Less strong is} 22. axb5 Bd3 $18) 1-0

[Event "BL 2017-18"]
[Site "Germany"]
[Date "2018.04.30"]
[Round "14.5"]
[White "Zysk, Robert"]
[Black "Lindgren, Philip"]
[Result "1-0"]
[WhiteElo "2416"]
[BlackElo "2405"]
[Annotator "TA"]
[PlyCount "163"]
[EventDate "2018.05.24"]
[EventType "team-tourn"]
[EventCountry "GER"]
[SourceTitle "playchess.com"]
[Source "ChessBase"]
[SourceQuality "1"]
[WhiteTeam "Zugzwang Muenchen"]
[BlackTeam "Bayern Muenchen"]

{[%evp 19,162,-10,0,0,11,-11,-7,-21,-21,-27,-1,-42,-47,-38,-31,-48,-45,-55,-50,-58,-53,-65,-42,-57,-46,-62,-62,-46,-46,-49,-29,-47,-57,-51,-43,-60,-58,-58,-56,-60,-56,-54,-45,-53,-22,-47,12,19,16,0,24,13,25,24,29,25,27,20,20,22,22,18,27,12,16,10,39,29,29,30,29,29,31,23,37,35,37,23,23,30,30,18,33,33,47,33,33,33,47,36,41,54,48,8,50,8,8,10,14,8,8,8,11,8,64,64,64,64,96,96,102,96,131,131,131,65,131,131,131,131,131,131,141,141,589,525,766,803,1300,425,1298,1221,1206,1239,1091,1091,29978,29977,29976,29977,29976,29977,29988,29989,29999]} 1. Nf3 d5 2. b3 Bg4 3. e3 Nd7 4. Bb2 Ngf6 5. Be2 h6 6. d3 e6 7. Nbd2 Be7 8. a3 c6 9. O-O O-O 10. c4 a5 11. Qc2 {A12: English Opening: 1...c6 with b3 by White} Bd6 $146 ({Predecessor:} 11... Qb8 12. Rfe1 Rc8 13. e4 Ne8 14. h3 Bh5 15. Ne5 Nxe5 16. Bxh5 {½-½ (44) Stepak,Y (2302)-Macek,V (2230) Arvier 2004}) 12. Rfe1 e5 13. c5 {The position is equal.} Bc7 14. e4 d4 15. Nf1 Qe7 16. Rec1 Rfe8 17. Ng3 Be6 18. Nd2 Nf8 19. b4 Ra7 20. Nc4 N6d7 21. Re1 Rea8 22. Nf1 {[%cal Bg3f1,Bf1d2,Bd2f3][%mdl 32]} Ng6 23. g3 Nf6 24. Nfd2 h5 {[%cal Bh6h5,Bh5h4][%mdl 32]} 25. Nf3 h4 26. Ng5 Bd7 27. Qd2 Nh7 28. Nxh7 Kxh7 29. Rab1 Be6 30. Bd1 Qf6 31. Qe2 Kg8 32. Bb3 Bd7 (32... axb4 $15 33. axb4 Qg5) 33. Bc1 axb4 34. axb4 Nf8 35. Qh5 hxg3 36. hxg3 Qg6 37. Qxg6 Nxg6 38. Kg2 Ra1 39. Bd2 (39. Bg5 {is interesting.} Rxb1 40. Rxb1 Bg4 41. f3 Be6 42. Kf2) 39... Rxb1 40. Rxb1 Be6 41. Rf1 Nf8 42. f4 f6 43. f5 Bf7 44. g4 Bd8 45. Rb1 Nd7 46. Kf3 Kf8 47. Ke2 Ra6 48. Nd6 Bxb3 49. Rxb3 Ra7 50. Rb1 Be7 51. Nc4 Kf7 52. Rh1 Kg8 53. Rg1 Ra6 54. Rb1 b5 55. cxb6 Nxb6 56. Na5 Nc8 57. b5 cxb5 58. Rxb5 {Rb8 is the strong threat.} Rb6 59. Rxb6 Nxb6 $11 {[%mdl 4096] Endgame KBN-KBN} 60. Nc6 Bd6 61. g5 fxg5 (61... g6 $11) 62. Bxg5 $14 Nd7 63. Bh4 $1 Bc7 64. Bg3 Kf7 {[#]} 65. Nxd4 $1 {[%mdl 512]} g6 (65... exd4 66. Bxc7) 66. fxg6+ Kxg6 67. Nf3 (67. Nc6 $16) 67... Kf6 ({Black should try} 67... Bb8 $1 $14) 68. d4 $16 {[%cal Bd3d4,Bd4d5][%mdl 32]} Ke6 69. d5+ Kd6 70. Nd4 {Threatens to win with Nb5+.} Bb6 {[#]} 71. Nc6 $1 {And now Bh4 would win.} Bc5 $2 {[%mdl 8192]} (71... Bc7 $16 72. Kd3 Nc5+ 73. Ke3 Nd7) 72. Kf3 $18 Ba3 73. Bh4 Bb2 74. Be7+ Kc7 75. Kg4 Bc3 76. Kf5 Bb2 77. Ke6 Bc3 78. Bd6+ {White mates.} Kc8 79. Na7+ Kd8 80. Be7+ Ke8 81. Nb5 {[%cal Rb5d6]} Ba5 82. Nd6# {Precision: White = 62%, Black = 48%.} 1-0